Matemática : curso primero /

Guardado en:
Autor Principal: Médici, Héctor J
Formato: Libro
Publicado: Buenos Aires : Librer¡a del colegio, 1958
Materias:
Etiquetas: Agregar Etiqueta
Sin Etiquetas, Sea el primero en etiquetar este registro!
LEADER 00441nam a22001575a 4500
001 CEM.cems004585
005 20060217000000.0
008 130507s1958##################000#0#####d
003 CEMS
082 0 4 |a 510 
100 1 |a Médici, Héctor J 
245 1 0 |a Matemática :  |b curso primero / 
260 |a Buenos Aires :  |b Librer¡a del colegio,  |c 1958 
300 |a 357 p. 
653 |a Matematica 
859 |a CEMS  |b BIB. CEMS - 11 de abril  |h 510  |i M468-1/I  |p 5132.76  |t Ej.1